Informe sobre el desarrollo mundial 2002 : instituciones para los mercados : panorama general /

Zapisane w:
Opis bibliograficzny
Format: Książka
Język:hiszpański
Wydane: Washington, EUA : Banco Internacional de Reconstrucción y Fomento : Banco Mundial, 2002, c2002
Hasła przedmiotowe:
Etykiety: Dodaj etykietę
Nie ma etykietki, Dołącz pierwszą etykiete!

MARC

LEADER 00000nam^a2200000^a^4500
001 000154712
005 20250521000000.0
009 20260310100404.774
020 |a 0-8213-5018-8 
037 |a Acervo ITESO - Biblioteca 
041 |a ESP 
082 |a 338. 9  |b INF 2002 
240 1 1 |a [Informe sobre el desarrollo mundial] 
240 1 1 |a [Informe sobre el desarrollo mundial 2002] 
245 1 0 |a Informe sobre el desarrollo mundial 2002 :  |b instituciones para los mercados : panorama general / 
264 4 |a Washington, EUA :  |b Banco Internacional de Reconstrucción y Fomento :  |b Banco Mundial,  |c 2002, c2002 
300 |a 14 p. 
336 |a texto  |b txt  |2 rdacontenido 
337 |a sin mediación  |b n  |2 rdamedio 
338 |a volumen  |b nc  |2 rdasoporte 
649 |a XX 
650 |a Igualdad y Desigualdad 
650 |a Pobreza 
650 |a Instituciones Económicas 
650 |a Mercado 
650 |a Desarrollo Económico-Social -  |x Historia -  |y 2000-2009 
650 |a Desarrollo Económico-Social -  |x Historia -  |y 2000-2009 
650 |a Economía -  |x Historia -  |y 2000-2009 
650 |a Economía -  |x Historia -  |y Siglo XXI 
650 |a Economía Internacional 
910 |a Fondo General 
920 |a Impresos - Libros 
930 |a Colección General 
905 |a 101 
901 |a 0500086349  |b IT1  |c ACC  |u 20250521 
901 |a 0500086352  |b IT1  |c ACC  |u 20250521 
902 |a https://opac.biblio.iteso.mx/vufind/Record/000154712